Formel 1 Top 3 Fahrer Deutschlands - Statistiken

Allgemein
  • Dieses Quiz wurde 827 mal gespielt
  • Das Durchschnittsergebnis liegt bei 10 aus 36
Antwortstatistiken
Antwort % Korrekt
Michael Schumacher
99%
Sebastian Vettel
99%
Mick Schumacher
98%
Ralf Schumacher
97%
Nico Hülkenberg
94%
Nico Rosberg
92%
Heinz-Harald Frentzen
57%
Nick Heidfeld
53%
Timo Glock
49%
Pascal Wehrlein
36%
Wolfgang von Trips
34%
Jochen Mass
24%
Christian Danner
17%
Manfred Winkelhock
14%
Stefan Bellof
14%
Hans-Joachim Stuck
13%
Hans Stuck
13%
Bernd Schneider
12%
Hans Herrmann
9%
Karl Kling
9%
Rolf Stommelen
8%
Hermann Lang
6%
Gerhard Mitter
5%
Edgar Barth
4%
Hubert Hahne
4%
Kurt Ahrens
4%
Wolfgang Seidel
4%
Fritz Riess
3%
Hans Klenk
3%
Paul Pietsch
3%
Toni Ulmen
3%
Michael Bartels
2%
Theo Helfrich
2%
Volker Weidler
1%
Gunther Seiffert
0%
Kurt Kuhnke
0%
Keine übereinstimmenden Quizze gefunden
Verteilung der Resultate
Anzahl Personen mit jedem Resultat
Perzentil nach korrekt beantworteten Fragen
Ihre Resultats-Entwicklung
Sie haben dieses Quiz noch nicht gespielt